| 000 | 00491nam a22001937a 4500 | ||
|---|---|---|---|
| 003 | MPLRDC | ||
| 005 | 20220104123659.0 | ||
| 008 | 210129b ||||| |||| 00| 0 eng d | ||
| 020 | _a957-803-513-6 | ||
| 082 | _a413.98 LYY | ||
| 100 | _a赖雅妍 | ||
| 245 |
_a台湾大长今美容宝典 _c |
||
| 250 | _a初版 | ||
| 260 |
_a台湾 _b平装本出版有限公司 _c2005 |
||
| 300 | _b171 | ||
| 490 | _a平装本丛书: 第177种 | ||
| 650 | _a特别治疗 | ||
| 942 |
_cBK _o413.98 LYY |
||
| 999 |
_c13333 _d13323 |
||